Guess the Letter-shaped Flags #9 - Statistics

General Stats
  • This quiz has been taken 45 times
  • The average score is 18 of 20
Answer Stats
Picture Answer % Correct
Belgium
100%
China
100%
Estonia
100%
Finland
100%
Portugal
100%
Uruguay
100%
Zambia
100%
Saudi Arabia
92%
Angola
89%
Austria
89%
Libya
89%
Nauru
89%
Rwanda
89%
Belarus
86%
Mongolia
86%
Grenada
78%
Lithuania
78%
Tonga
76%
Ireland
68%
Solomon Islands
62%
No matching quizzes found
Score Distribution
Percent of People with Each Score
Percentile by Number Answered
Your Score History
You have not taken this quiz